00786cam a22002531 4500001001300000003000400013005001700017008004100034010001700075015001500092035001900107040002900126042001200155050002300167100003400190245005200224260004000276300001700316504002900333505009800362650003100460650002400491999001700515sa 67005927 DLC20260227112402.0770921m19601966ii b 000 0 eng  asa 67005927  aGB69-28516 a(OCoLC)3283781 aDLCcTNJdUkdOCoLCdDLC apremarc00aKNS1750b.S45 19601 aSen, D. K.q(Dhirendra Kumar)12aA comparative study of the Indian Constitution. aBombay,bOrient Longmansc[1960-66] a2 v.c25 cm. aIncludes bibliographies.0 av. 1. General principles of organization.--v. 2. Citizenship & franchise--Fundamental rights. 0aConstitutional lawzIndia. 0aConstitutional law. c75550d75550